Об утверждении М. В. Рыдаева заместителем заведующего хозяйственным отделом ЦИК СССР

Доступно только в Электронных читальных залах Найти на картеНа карте
RUSMARC
00004429nac2a22003013x 450
001242322ff-855c-4b9f-8e1f-3978429b071f
00520230718104353.0
100##$a20230613l19291929k y0rusy50 ca
1010#$arus
$amul
102##$aRU
105##$ay z |||||
1222#$ad19290520
$ad19290608
2001#$aОб утверждении М. В. Рыдаева заместителем заведующего хозяйственным отделом ЦИК СССР
$j20.05.1929 - 08.06.1929
215##$a3 листа
$d36,8 х 24
251##$cДело
300##$aЗаголовок дела на папке: Об утверждении т. М. В. Рыдаева заместителем заведующего хозяйственным отделом ЦИК СССР
300##$aВ деле обратная нумерация листов
300##$aЧасть текста на языках народов СССР
300##$aЧасть текста машинописная с рукописными пометками, часть - напечатана типографским способом
324##$aВ деле имеются копии отдельных документов
461#0$1001796d4672-8a00-4986-b488-6e42273792cc
$12001
$aЦЕНТРАЛЬНЫЙ ИСПОЛНИТЕЛЬНЫЙ КОМИТЕТ СССР (ЦИК СССР).
$1251
$cФонд
$1852
$gР
$j3316
462#0$10016e6e8ba4-e15f-4ad4-8937-f1e88c150bfe
$12001
$aДела Секретариата Президиума ЦИК Союза ССР. 1929 г.
$vД. 1168
$1251
$cОпись
$1852
$j22
5171#$aОб утверждении т. М. В. Рыдаева заместителем заведующего хозяйственным отделом ЦИК СССР
600#1$aРыдаев
$bМ. В.
60101$3RU\NLR\AUTH\880357276
$aСССР
$bЦИК
801#0$aRU
$bGA_RF
801#1$aRU
$bГлавНИВЦ
$c20230613
$2rusmarc
801#2$aRU
$bПБ им. Б.Н. Ельцина
$c20230718
$gRCR
$2rusmarc
852##$aГА РФ
$j1168
937##$d186594621
$hГАРФ
035##$aRuPRLIB51072413
856##$uhttp://readingroom.main.prlib.ru/item.aspx?id_node=n186594621&mode=full
Формат отображения